[Event "Chigorin Memorial"]
[Site "St Petersburg RUS"]
[Date "2012.10.31"]
[Round "5.97"]
[White "Yudkevich, Mikhail"]
[Black "Papp, Petra"]
[Result "1/2-1/2"]
[BlackTitle "WGM"]
[WhiteElo "2099"]
[BlackElo "2298"]
[WhiteFideId "4134486"]
[BlackFideId "739049"]
[EventDate "2012.10.27"]

1. d4 Nf6 2. c4 g6 3. Nc3 d5 4. Bf4 Bg7 5. e3 O-O 6. Rc1 Be6 7. Qb3 c5 8. Qxb7
Qb6 9. Qxb6 axb6 10. Nf3 Nc6 11. dxc5 bxc5 12. cxd5 Nxd5 13. Nxd5 Bxd5 14. Rxc5
Rfd8 15. Bc4 Nb4 16. O-O Bxb2 17. Bc7 Rdc8 18. Bxd5 Nxd5 19. Rxd5 Rxc7 20. Rd2
Rxa2 21. g4 Rb7 22. Kg2 Ra4 23. h3 Ra8 24. Re1 Re8 25. Nd4 Bxd4 26. Rxd4 h6 27.
h4 Kg7 28. Rd5 Ra7 29. Kg3 Rb7 30. Kg2 Ra7 31. Kg3 Rb7 32. Kg2 Ra7 33. Kg3 1/2-1/2

[Event "Chigorin Memorial"]
[Site "St Petersburg RUS"]
[Date "2012.10.31"]
[Round "5.98"]
[White "Minko, Vladimir"]
[Black "Lobanov, Sergei"]
[Result "1-0"]
[WhiteElo "2293"]
[BlackElo "2081"]
[WhiteFideId "24146706"]
[BlackFideId "24183750"]
[EventDate "2012.10.27"]

1. d4 Nf6 2. Nf3 e6 3. g3 c5 4. Bg2 Nc6 5. O-O d5 6. c4 cxd4 7. Nxd4 Bc5 8. Nb3
Bb6 9. cxd5 Nxd5 10. Nc3 Nxc3 11. bxc3 Ne5 12. a4 a5 13. Qxd8+ Bxd8 14. Nc5 Ra7
15. Rd1 Be7 16. Ne4 Ra6 17. Bf4 f6 18. Bxe5 fxe5 19. Nd2 Kf7 20. Nc4 Kf6 21. Rd3
g6 22. Rb1 Rd8 23. Rxd8 Bxd8 24. Bxb7 Bxb7 25. Rxb7 e4 26. Rxh7 Rc6 27. Rf7+ Kg5
28. Ne5 Rxc3 29. h4+ Kh6 30. Rd7 Bxh4 31. gxh4 Rc5 32. Ng4+ Kh5 33. Nf6+ 1-0

[Event "Chigorin Memorial"]
[Site "St Petersburg RUS"]
[Date "2012.10.31"]
[Round "5.99"]
[White "Mamedov, Elmin"]
[Black "Mirzoeva, Elmira"]
[Result "0-1"]
[BlackTitle "WGM"]
[WhiteElo "2088"]
[BlackElo "2283"]
[WhiteFideId "24117331"]
[BlackFideId "4127951"]
[EventDate "2012.10.27"]

1. e4 c6 2. Nc3 d5 3. Nf3 Bg4 4. h3 Bxf3 5. Qxf3 e6 6. Be2 Nf6 7. O-O Be7 8. d4
O-O 9. e5 Nfd7 10. Qg3 Kh8 11. f4 c5 12. dxc5 Nc6 13. Bd3 Bh4 14. Qf3 Nxc5 15.
Ne2 Be7 16. Be3 Rc8 17. Bxc5 Bxc5+ 18. Kh1 Nb4 19. c3 Nxd3 20. Qxd3 Qb6 21. b3
Qc7 22. Qg3 a6 23. Rad1 Ba7 24. f5 Bb8 25. Kg1 Qxe5 26. Qxe5 Bxe5 27. fxe6 fxe6
28. Rxf8+ Rxf8 29. Rd3 Bc7 30. Nd4 e5 31. Ne6 Bb6+ 32. Kh2 Rf6 33. Rf3 Kg8 34.
Ng5 e4 35. Rxf6 gxf6 36. Ne6 Kf7 37. Nd4 Bxd4 38. cxd4 Ke6 39. Kg3 Kd6 40. a4
Ke6 41. Kf4 a5 42. Kg4 h5+ 43. Kf4 Kf7 44. g3 Kg6 45. Ke3 Kg5 46. Kf2 h4 0-1

[Event "Chigorin Memorial"]
[Site "St Petersburg RUS"]
[Date "2012.10.31"]
[Round "5.100"]
[White "Trapeznikova, Darya"]
[Black "Turikov, Viktor"]
[Result "1-0"]
[BlackTitle "FM"]
[WhiteElo "2072"]
[BlackElo "2270"]
[WhiteFideId "24121118"]
[BlackFideId "4107810"]
[EventDate "2012.10.27"]

1. d4 Nf6 2. c4 e6 3. Nf3 b6 4. e3 Bb7 5. Bd3 c5 6. Nc3 Be7 7. O-O O-O 8. d5
exd5 9. cxd5 d6 10. b3 Na6 11. Bb2 Nc7 12. Bc4 b5 13. Nxb5 Ncxd5 14. Qe2 a6 15.
Nc3 Nxc3 16. Bxc3 Ne4 17. Bb2 Bf6 18. Rfd1 Qe7 19. Bd5 Rfd8 20. Rac1 a5 21. Bxb7
Qxb7 22. Bxf6 Nxf6 23. Rc4 h6 24. Qc2 Qe7 25. Nd2 Qe6 26. Ne4 Nd5 27. Nc3 Nb6
28. Re4 Qg6 29. Nd5 Nxd5 30. Rxd5 Rab8 31. Qd3 Rb4 32. f3 Qf6 33. Qd2 g6 34. h3
Kg7 35. Qd1 h5 36. Rxb4 axb4 37. e4 Qf4 38. e5 c4 39. bxc4 Qxc4 40. exd6 Qxa2
41. Qd4+ Kg8 42. Re5 b3 43. d7 Qa8 44. Re7 Qc6 45. Qe5 Rf8 46. Kh2 h4 47. Qf4
Qb6 48. Re8 b2 49. Qh6 Qd6+ 50. f4 b1=Q 51. d8=Q Qbb4 52. Qdxh4 Qbxf4+ 53. Q4xf4
Qxf4+ 54. Qxf4 Rxe8 55. g4 Re6 56. Kg3 Kg7 57. Qd4+ Kh7 58. h4 Kg8 59. Kf4 Kh7
60. Kg5 Ra6 61. Qb4 Kg7 62. Qc3+ Kh7 63. Qc4 f6+ 64. Kf4 Ra7 65. Qd4 Rf7 66. h5
Kg7 67. hxg6 Kxg6 68. Qd3+ Kg7 69. Kf5 Re7 70. Qd6 Re5+ 71. Kf4 Kf7 72. Qd7+ Kg6
73. Qc7 Rg5 74. Qd8 Re5 75. Qg8+ Kh6 76. Qf7 1-0

[Event "Chigorin Memorial"]
[Site "St Petersburg RUS"]
[Date "2012.10.31"]
[Round "5.102"]
[White "Rudakov, Aleksandr"]
[Black "Naboka, Sergey"]
[Result "0-1"]
[WhiteElo "2060"]
[BlackElo "2256"]
[WhiteFideId "24135763"]
[BlackFideId "14123452"]
[EventDate "2012.10.27"]

1. e4 c5 2. Nf3 e6 3. c4 a6 4. Be2 Nc6 5. O-O Qc7 6. d4 cxd4 7. Nxd4 Nf6 8. Nc3
Bb4 9. Nxc6 dxc6 10. Qb3 Bc5 11. Qc2 O-O 12. Kh1 e5 13. f4 exf4 14. Bxf4 Bd6 15.
Qd2 Bxf4 16. Rxf4 Qe5 17. Qe3 Be6 18. Raf1 Rad8 19. Nd1 Rd4 20. Nf2 Rfd8 21. Nd3
Rxe4 22. Qb6 Qd4 23. Nc5 Re8 24. R4f2 Re5 25. b4 Bc8 26. Qc7 R5e7 0-1

[Event "Chigorin Memorial"]
[Site "St Petersburg RUS"]
[Date "2012.10.31"]
[Round "5.103"]
[White "Vorobjev, Dmitry"]
[Black "Nasybullina, Alfia"]
[Result "0-1"]
[WhiteElo "2256"]
[BlackElo "2076"]
[WhiteFideId "24112178"]
[BlackFideId "4132416"]
[EventDate "2012.10.27"]

1. e4 c5 2. Nf3 e6 3. d4 cxd4 4. Nxd4 a6 5. Bd3 Bc5 6. Nb3 Ba7 7. O-O Nc6 8. Qe2
d6 9. Be3 Nf6 10. Bxa7 Rxa7 11. c4 O-O 12. Nc3 b6 13. f4 Rd7 14. Rae1 Bb7 15.
Bb1 e5 16. Nd5 exf4 17. Rxf4 Nxd5 18. exd5 Re7 19. Re4 Ne5 20. Nd4 g6 21. Nf3
Nxf3+ 22. Qxf3 Rfe8 23. Rxe7 Rxe7 24. Re4 Qe8 25. Qe3 Rxe4 26. Qxe4 Qxe4 27.
Bxe4 Kg7 28. Kf2 Kf6 29. Ke3 Ke5 30. g3 Bc8 31. h4 Bg4 32. Bd3 a5 33. Bc2 h6 34.
Bd3 g5 35. hxg5 hxg5 36. Bh7 f5 37. Bg8 f4+ 38. gxf4+ gxf4+ 39. Kd3 Bf5+ 40. Ke2
Be4 41. Kd2 Kd4 42. b3 f3 43. Be6 Bd3 44. Ke1 Ke3 0-1

[Event "Chigorin Memorial"]
[Site "St Petersburg RUS"]
[Date "2012.10.31"]
[Round "5.104"]
[White "Gantsevich, Aleksei"]
[Black "Ignatyev, Viktor"]
[Result "1/2-1/2"]
[WhiteElo "2046"]
[BlackElo "2254"]
[WhiteFideId "24131610"]
[BlackFideId "24182915"]
[EventDate "2012.10.27"]

1. e4 e5 2. Nf3 Nc6 3. Bb5 a6 4. Ba4 d6 5. c3 f5 6. exf5 Bxf5 7. O-O Bd3 8. Re1
Be7 9. Bc2 Bxc2 10. Qxc2 Nf6 11. d4 Qd7 12. dxe5 dxe5 13. Rd1 Bd6 14. Nbd2 O-O-O
15. Ne4 Qg4 16. Nfg5 Nxe4 17. Nxe4 Rhf8 18. Be3 h6 19. Rd2 Be7 20. Rad1 Rxd2 21.
Rxd2 Rd8 22. f3 Qe6 23. b3 b6 24. Ng3 Bf6 25. Kf1 Rxd2 26. Qxd2 Bh4 27. Ne4 Ne7
28. c4 Nf5 29. c5 b5 30. Ke2 Ne7 31. Nc3 Qc6 32. b4 Qe6 33. Qd3 Bf6 34. Qe4 c6
35. Bd2 Nf5 36. Kf2 Kb7 37. Be3 Ne7 38. Bd2 Nd5 39. Nd1 Qd7 40. Qd3 Qe6 41. Qe4
Bd8 42. a3 Bc7 43. Ne3 Nf6 44. Qg6 e4 45. Qxg7 exf3 46. gxf3 Qa2 47. Ke2 Nh5 48.
Qd7 Nf4+ 49. Kf1 Qxa3 50. Qd4 Qa2 51. Nd1 Nd5 52. Nc3 Nxc3 53. Qxc3 Qb1+ 54. Kg2
Qg6+ 55. Kh1 h5 56. Qe3 h4 57. h3 Qg3 58. f4 Qg6 59. Kh2 Kc8 60. Kh1 Kd7 61. Qf3
Ke7 62. f5 Qg3 63. Qe4+ Kd8 64. Qg2 Ke7 65. Qe4+ Kd8 66. Qg2 Ke7 67. Qe4+ 1/2-1/2

[Event "Chigorin Memorial"]
[Site "St Petersburg RUS"]
[Date "2012.10.31"]
[Round "5.105"]
[White "Voronenkov, Sergey"]
[Black "Toivonen, Alexander V."]
[Result "0-1"]
[BlackTitle "FM"]
[WhiteElo "2020"]
[BlackElo "2250"]
[WhiteFideId "24129674"]
[BlackFideId "4107918"]
[EventDate "2012.10.27"]

1. e4 e5 2. Nf3 Nf6 3. Nxe5 d6 4. Nf3 Nxe4 5. Nc3 Nxc3 6. dxc3 Be7 7. Bf4 Be6 8.
Nd4 O-O 9. Bd3 Nd7 10. O-O Nc5 11. Re1 Nxd3 12. Qxd3 Bd7 13. Re2 Bf6 14. Rae1
Re8 15. Rxe8+ Bxe8 16. Qe4 Bxd4 17. cxd4 Bc6 18. d5 Bd7 19. h3 h6 20. Qd4 Qh4
21. Re3 Re8 22. Rxe8+ Bxe8 23. Qe4 Bd7 24. Qe3 b6 25. b3 Qf6 26. a4 Kf8 27. f3
Bf5 28. Qd2 Qb2 29. a5 Qxc2 30. axb6 axb6 31. Qxc2 Bxc2 32. b4 Bb3 33. Kf2 Bxd5
34. Ke3 Ke7 35. h4 c5 36. bxc5 bxc5 37. g4 Bb7 38. g5 h5 39. Bg3 Ke6 40. Be1 d5
41. Ba5 d4+ 42. Kf4 g6 43. Bc7 Kd5 44. Kg3 c4 45. Kf2 c3 46. Ke2 Kc4 0-1

[Event "Chigorin Memorial"]
[Site "St Petersburg RUS"]
[Date "2012.10.31"]
[Round "5.106"]
[White "Dolgova, Olga"]
[Black "Grinblat, Artemiy"]
[Result "1/2-1/2"]
[WhiteTitle "WIM"]
[WhiteElo "2250"]
[BlackElo "2043"]
[WhiteFideId "4158296"]
[BlackFideId "14135272"]
[EventDate "2012.10.27"]

1. d4 e6 2. c4 Nf6 3. Nf3 d5 4. g3 a6 5. Bg2 dxc4 6. Ne5 c5 7. e3 cxd4 8. exd4
Bb4+ 9. Kf1 Nd5 10. Nxc4 Nc6 11. a3 Be7 12. Nc3 O-O 13. Bf3 Bf6 14. Ne2 Nb6 15.
Nxb6 Qxb6 16. Be3 Qxb2 17. Kg2 Rd8 18. Be4 h6 19. h4 e5 20. Rb1 Qxa3 21. d5 Nd4
22. Nxd4 exd4 23. Bxd4 Bxd4 24. Qxd4 Rb8 25. Rb6 Bd7 26. Ra1 Qe7 27. Bf3 Bf5 28.
Rc1 Rdc8 29. Rxc8+ Rxc8 30. d6 Qe6 31. Rxb7 Rc4 32. Qd5 Rc8 33. d7 Rd8 34. Qxe6
Bxe6 35. Bc6 Kf8 36. Ra7 Ke7 37. Rxa6 Bxd7 38. Ra7 Ke6 39. Bxd7+ Rxd7 40. Ra8 h5 1/2-1/2

[Event "Chigorin Memorial"]
[Site "St Petersburg RUS"]
[Date "2012.10.31"]
[Round "5.107"]
[White "Valli, Frans"]
[Black "Belov, Nikita"]
[Result "1/2-1/2"]
[WhiteElo "2240"]
[BlackElo "2034"]
[WhiteFideId "506087"]
[BlackFideId "24167177"]
[EventDate "2012.10.27"]

1. d4 d5 2. c4 e6 3. Nc3 c5 4. cxd5 cxd4 5. Qa4+ Bd7 6. Qxd4 exd5 7. Qxd5 Nc6 8.
Bg5 Nf6 9. Qd2 h6 10. Bh4 g5 11. Bg3 Bc5 12. Nf3 Qe7 13. Rd1 g4 14. Nh4 O-O-O
15. Bd6 Bxd6 16. Qxd6 Qxd6 17. Rxd6 Be6 18. Rd2 Nb4 19. a3 Na2 20. Nxa2 Bxa2 21.
f3 Rxd2 22. Kxd2 Rd8+ 23. Kc2 Nd7 24. e3 Nc5 25. b4 Na4 26. Bb5 Nb6 27. fxg4 Kb8
28. Nf5 Bd5 29. Bd3 Bxg2 30. Rg1 Bc6 31. Nxh6 Ba4+ 32. Kc3 Nd5+ 33. Kd2 Rd7 34.
Nf5 Nf6 35. Nd4 Rd8 36. h4 Nd7 37. h5 Ne5 38. h6 Bb5 39. Nxb5 Nf3+ 40. Kc3 Nxg1
41. Bc4 Rh8 42. Bxf7 Nf3 43. Bg6 Rxh6 44. Bf5 Ne5 45. e4 1/2-1/2

[Event "Chigorin Memorial"]
[Site "St Petersburg RUS"]
[Date "2012.10.31"]
[Round "5.108"]
[White "Klevets, Ksenia"]
[Black "Spielmann, Alain"]
[Result "1/2-1/2"]
[BlackTitle "FM"]
[WhiteElo "1861"]
[BlackElo "2235"]
[WhiteFideId "24157937"]
[BlackFideId "602272"]
[EventDate "2012.10.27"]

1. e4 c6 2. d4 d5 3. Nc3 dxe4 4. Nxe4 Bf5 5. Nc5 e5 6. Nxb7 Qb6 7. Nc5 exd4 8.
Nb3 Bb4+ 9. Bd2 Bxd2+ 10. Qxd2 c5 11. Bd3 Bxd3 12. cxd3 Ne7 13. Nf3 Nd7 14. O-O
O-O 15. Rac1 Rac8 16. Na5 Nd5 17. Nc4 Qf6 18. Rfe1 N7b6 19. Nfe5 Rfe8 20. g3 h5
21. h4 Re6 22. Kg2 Rce8 23. Nf3 Qg6 24. Rxe6 Rxe6 25. a3 Re2 26. Nce5 Rxd2 27.
Nxg6 Rxb2 28. Nge5 f6 29. Nc6 Nc3 30. Nxa7 Nbd5 31. Kf1 Ne7 32. a4 Rb7 33. Nb5
Nxb5 34. axb5 Rxb5 35. Nd2 f5 36. Nc4 Rb3 37. Ne5 Rc3 38. Rxc3 dxc3 39. Ke2 Nd5
40. Nd7 Kf7 41. Nxc5 f4 42. d4 fxg3 43. fxg3 Kf6 44. Nd3 Kf5 45. Nf2 Nb4 46. Ke3
Ke6 47. Nd3 Nd5+ 48. Ke2 Kf5 49. Nf2 Nb4 50. Ke3 c2 51. Kd2 Ke6 52. Nh3 Kd5 53.
Nf4+ Kxd4 54. Nxh5 Kc4 55. Nf4 c1=Q+ 56. Kxc1 Nd3+ 57. Kd2 Nxf4 58. gxf4 Kd4 59.
f5 Ke4 60. f6 gxf6 61. h5 Kf5 62. h6 Kg6 63. h7 Kxh7 64. Ke3 Kh6 65. Kf4 Kg6 66.
Kg4 f5+ 67. Kf4 Kf6 68. Kf3 Ke5 69. Ke3 f4+ 70. Kf3 Kf5 71. Kf2 Ke4 72. Ke2 f3+
73. Kf2 Kf4 74. Kf1 Kg3 75. Kg1 f2+ 76. Kf1 Kf3 1/2-1/2

[Event "Chigorin Memorial"]
[Site "St Petersburg RUS"]
[Date "2012.10.31"]
[Round "5.110"]
[White "Suleymanyants, Odisey"]
[Black "Panov, Ivan"]
[Result "0-1"]
[WhiteTitle "FM"]
[WhiteElo "2227"]
[BlackElo "2021"]
[WhiteFideId "24149357"]
[BlackFideId "24177750"]
[EventDate "2012.10.27"]

1. e4 c5 2. Nf3 e6 3. c3 Nf6 4. d3 Nc6 5. Be2 d5 6. Nbd2 Be7 7. O-O O-O 8. Re1
e5 9. exd5 Nxd5 10. Nc4 f6 11. a4 Be6 12. Bf1 Qd7 13. Nfd2 Rad8 14. Ne4 Rfe8 15.
a5 Bf8 16. Qa4 b6 17. axb6 axb6 18. Qb5 Qb7 19. g3 Na7 20. Qa6 Qxa6 21. Rxa6 Nc8
22. Ra8 Nc7 23. Rb8 Na6 24. Ra8 Nc7 25. Ra1 b5 26. Na5 f5 27. Nd2 Bd5 28. c4
bxc4 29. dxc4 Ba8 30. Ndb3 Nb6 31. Be3 Ne6 32. Bg2 e4 33. Red1 Nd7 34. Nd2 Ne5
35. h4 Nd4 36. Kf1 g6 37. Rab1 Nc2 38. Ke2 Nxe3 39. fxe3 Rd3 40. Nf1 Bh6 41. Bh3
Re7 42. Ra1 Rxd1 43. Rxd1 Nd3 44. Nd2 Nxb2 45. Rb1 Bg7 46. Ndb3 Ra7 47. g4 Bc3
48. gxf5 Nd3 49. fxg6 hxg6 50. Rg1 Kf7 51. Rg5 Bxa5 52. Nxc5 Bd8 53. Nxd3 exd3+
54. Kxd3 Bxg5 55. hxg5 Ra5 56. e4 Ra3+ 0-1

[Event "Chigorin Memorial"]
[Site "St Petersburg RUS"]
[Date "2012.10.31"]
[Round "5.112"]
[White "Yakimenko, Alexander A."]
[Black "Andreeva, Yulia"]
[Result "1-0"]
[WhiteElo "2220"]
[BlackElo "1944"]
[WhiteFideId "24141917"]
[BlackFideId "4108302"]
[EventDate "2012.10.27"]

1. d4 d5 2. Nf3 Nf6 3. c4 dxc4 4. Nc3 a6 5. e3 Bg4 6. Bxc4 e6 7. h3 Bh5 8. O-O
Be7 9. Qe2 O-O 10. g4 Nxg4 11. hxg4 Bxg4 12. Qd1 f5 13. Be2 Rf6 14. Nh2 Bh3 15.
Kh1 Bxf1 16. Bxf1 Bd6 17. f4 Rh6 18. Qe1 Nd7 19. Bg2 c6 20. Kg1 g5 21. Nf3 g4
22. Ne5 Be7 23. Bd2 Nxe5 24. dxe5 Rg6 25. e4 h5 26. Be3 h4 27. Qe2 h3 28. Bf1
Qf8 29. Qc4 Rd8 30. Rd1 Rxd1 31. Nxd1 Kg7 32. Nc3 g3 33. Bxh3 Qh8 34. Bg2 Rh6
35. Ne2 Rh1+ 36. Bxh1 Qh2+ 37. Kf1 Qxh1+ 38. Ng1 g2+ 39. Ke2 Qh5+ 40. Kd2 Kf7
41. a3 Qg6 42. exf5 Qxf5 43. Qd3 Qg4 44. Qd7 Qf5 45. Nf3 Qb1 46. Qxb7 Qa2 47.
Ke2 Kf8 48. Kf2 Bxa3 49. Kxg2 Qxb2+ 50. Qxb2 Bxb2 51. Nd4 Kf7 52. Nxc6 Bc3 53.
Bb6 Ke8 54. Ba5 Bb2 55. Nb8 Kf7 56. Kf3 Ba3 57. Nxa6 Be7 58. Bb4 Bd8 59. Bd6 Bb6
60. Nc5 Ba5 61. Ne4 Ke8 62. Ng5 Kd7 63. Bc5 Bd2 64. Be3 Bb4 65. Kg4 1-0

[Event "Chigorin Memorial"]
[Site "St Petersburg RUS"]
[Date "2012.10.31"]
[Round "5.115"]
[White "Popelyshev, Igor V."]
[Black "Zavoronkov, Vladimir"]
[Result "1-0"]
[BlackTitle "IM"]
[WhiteElo "2071"]
[BlackElo "2378"]
[WhiteFideId "24116610"]
[BlackFideId "4500342"]
[EventDate "2012.10.27"]

1. e4 c5 2. Nf3 Nc6 3. d4 cxd4 4. Nxd4 Nf6 5. Nc3 d6 6. Bc4 Qb6 7. Nxc6 bxc6 8.
O-O g6 9. Be3 Qxb2 10. Bd4 Qb4 11. Bxf6 exf6 12. Qd4 Qc5 13. Qxf6 Qe5 14. Bxf7+
Kd7 15. Be6+ Kc7 16. Qf7+ Kd8 17. Bxc8 Rxc8 18. Rab1 Be7 19. Rb7 Rf8 20. Qc4 Rc7
21. Rxc7 Kxc7 22. Nd5+ Kd7 23. Nxe7 Qxe7 24. Rb1 Rc8 25. Rb3 Rc7 26. Rf3 Qe5 27.
g3 Kc8 28. Qg8+ Kb7 29. Rb3+ Ka6 30. Qc4+ Ka5 31. Qb4+ 1-0

[Event "Chigorin Memorial"]
[Site "St Petersburg RUS"]
[Date "2012.10.31"]
[Round "5.116"]
[White "Grigorjev, Iljya"]
[Black "Shuraev, Andrei"]
[Result "1/2-1/2"]
[BlackTitle "IM"]
[WhiteElo "2053"]
[BlackElo "2368"]
[WhiteFideId "24159565"]
[BlackFideId "4115295"]
[EventDate "2012.10.27"]

1. e4 c6 2. d4 d5 3. e5 Bf5 4. Nd2 e6 5. Nb3 Nd7 6. Nf3 a6 7. Be2 c5 8. Nxc5
Bxc5 9. dxc5 Nxc5 10. Be3 Rc8 11. c3 Ne7 12. O-O O-O 13. Nd4 Bg6 14. f4 b5 15.
g4 Be4 16. Nb3 Na4 17. Qd2 Qc7 18. Bf3 Bxf3 19. Rxf3 Nb6 20. Qf2 Nd7 21. Rh3
Rfe8 22. Bd4 f5 23. exf6 Nxf6 24. Bxf6 gxf6 25. Rf1 Nc6 26. f5 e5 27. Qg2 e4 28.
g5 Ne5 29. Nd4 fxg5 30. Qxg5+ Qg7 31. Qxg7+ Kxg7 32. f6+ Kh8 33. f7 Rf8 34. Rh5
Nxf7 35. Rxd5 Rg8+ 36. Kh1 Nh6 37. Re5 Rce8 38. Rxe8 Rxe8 39. h3 Kg7 40. Kg2 Re5
41. Kf2 Nf5 42. Nxf5+ Rxf5+ 43. Ke2 Rh5 44. Rg1+ Kf6 45. Rg3 Kf5 46. Ke3 Rh6 47.
b3 a5 48. c4 bxc4 49. bxc4 Rc6 50. Kd4 Rd6+ 51. Kc3 Kf4 52. c5 Rd8 53. Rg7 e3
54. Rf7+ Kg3 55. Re7 Kf2 56. c6 e2 1/2-1/2

[Event "Chigorin Memorial"]
[Site "St Petersburg RUS"]
[Date "2012.10.31"]
[Round "5.117"]
[White "Fomichenko, Svetlana"]
[Black "Opanasenko, Mikhail"]
[Result "1/2-1/2"]
[WhiteTitle "WGM"]
[WhiteElo "2256"]
[BlackElo "2011"]
[WhiteFideId "14101807"]
[BlackFideId "24176834"]
[EventDate "2012.10.27"]

1. e4 e6 2. d4 d5 3. Nc3 Bb4 4. e5 c5 5. a3 Bxc3+ 6. bxc3 Ne7 7. Qg4 cxd4 8. Ne2
Qc7 9. cxd4 Qxc2 10. Qxg7 Rg8 11. Qh6 Nbc6 12. Bd2 Nxd4 13. Nxd4 Qb2 14. Bb5+
Bd7 15. Bxd7+ Kxd7 16. Nb3 Qxb3 17. O-O Qc4 18. g3 Qd4 19. Rab1 b6 20. Bb4 Nf5
21. Qf6 Rg7 22. Rbd1 Qg4 23. f3 Qg5 24. Qxg5 Rxg5 25. Kf2 Rgg8 26. g4 Ne7 27.
Ke3 Nc6 28. Bc3 Rac8 29. h3 Ne7 30. Bd4 Rc4 31. f4 Rgc8 32. f5 Ra4 33. fxe6+
fxe6 34. Rd3 h5 35. Rf7 hxg4 36. hxg4 Rg8 37. Kf3 Kd8 38. Rf4 b5 39. Bb2 Rxf4+
40. Kxf4 Ng6+ 41. Kg3 Kd7 42. Re3 Rc8 43. Bc3 Rc4 44. Bb4 Re4 45. Rxe4 dxe4 46.
g5 Ke8 47. Bd6 a5 48. Kf2 b4 1/2-1/2

[Event "Chigorin Memorial"]
[Site "St Petersburg RUS"]
[Date "2012.10.31"]
[Round "5.118"]
[White "Kazakov, Maksym"]
[Black "Andrenko, Irina"]
[Result "1-0"]
[BlackTitle "WIM"]
[WhiteElo "2015"]
[BlackElo "2227"]
[WhiteFideId "14128756"]
[BlackFideId "14118270"]
[EventDate "2012.10.27"]

1. d4 g6 2. Nf3 Nf6 3. Bf4 Bg7 4. e3 O-O 5. h3 d6 6. Be2 Nfd7 7. O-O e5 8. Bh2
Nc6 9. c4 exd4 10. exd4 Qf6 11. Nc3 Nxd4 12. Nxd4 Qxd4 13. Nd5 c6 14. Nc7 Rb8
15. Bxd6 Qxd1 16. Raxd1 Be5 17. c5 Bxd6 18. cxd6 Nf6 19. Rfe1 Rd8 20. Bc4 Kf8
21. Re7 Rd7 22. Rde1 b5 23. Bxf7 Rxd6 24. Bb3 Rd7 25. R7e6 Rxc7 26. Rxf6+ Kg7
27. Rd6 Bb7 28. h4 c5 29. h5 gxh5 30. Re5 Rf8 31. Rde6 c4 32. Bc2 Rcf7 33. Rxh5
Kg8 34. Reh6 Re8 35. Rxh7 Re1+ 36. Kh2 Rxf2 37. Rh8+ Kf7 38. R5h7+ Ke6 39. Re8+
Kd6 40. Rxe1 Rxg2+ 41. Kh3 Rxc2 42. Rxb7 Rxb2 43. Rxa7 Kc5 44. Kg3 Kd4 45. Kf3
b4 46. Re4+ Kd3 47. Rd7+ Kc3 48. Rdd4 Rxa2 49. Rxc4+ Kd3 50. Red4# 1-0

[Event "Chigorin Memorial"]
[Site "St Petersburg RUS"]
[Date "2012.10.31"]
[Round "5.120"]
[White "Lauda, Alexandr"]
[Black "Rjanova, Valery"]
[Result "1-0"]
[BlackTitle "WFM"]
[WhiteElo "1991"]
[BlackElo "2206"]
[WhiteFideId "13903179"]
[BlackFideId "24129119"]
[EventDate "2012.10.27"]

1. e4 c5 2. Nf3 Nc6 3. d4 cxd4 4. c3 d3 5. c4 g6 6. Bxd3 Bg7 7. Nc3 d6 8. h3 Nf6
9. O-O O-O 10. Bg5 Nd7 11. Rc1 Nc5 12. Bb1 a5 13. Qd2 Re8 14. Nd5 Rb8 15. Bh6
Bh8 16. b3 Bd7 17. Ng5 b5 18. f4 bxc4 19. e5 e6 20. Ne3 cxb3 21. Qxd6 Nb7 22.
Qd1 bxa2 23. Bxa2 Nb4 24. Bc4 Bc6 25. Qe2 Nd5 26. Ng4 a4 27. Ne4 Qb6+ 28. Kh1
Rec8 29. Bxd5 Bxd5 30. Ngf6+ Bxf6 31. Nxf6+ Kh8 32. Nd7 Qa5 33. Nxb8 Rxb8 34. f5
exf5 35. e6 f6 36. Qb2 Qd8 37. Rfd1 Nd6 38. e7 Bxg2+ 39. Kh2 1-0

[Event "Chigorin Memorial"]
[Site "St Petersburg RUS"]
[Date "2012.10.31"]
[Round "5.121"]
[White "Nunez Lucero, Francisco"]
[Black "Jorayewa, Govher"]
[Result "1-0"]
[BlackTitle "WFM"]
[WhiteElo "2186"]
[BlackElo "1990"]
[WhiteFideId "2214369"]
[BlackFideId "14001454"]
[EventDate "2012.10.27"]

1. e4 Nc6 2. Nc3 e6 3. d4 d5 4. e5 f6 5. Bd3 f5 6. Nf3 Nge7 7. h4 h6 8. h5 Bd7
9. Be3 Nc8 10. Nh4 Be7 11. Ng6 Rg8 12. g4 Bg5 13. f4 Be7 14. a3 a5 15. Qf3 Nb6
16. O-O-O Nxd4 17. Bxd4 c5 18. Bf2 d4 19. Nxe7 dxc3 20. Nxg8 cxb2+ 21. Kb1 Nd5
22. Bc4 fxg4 23. Qd3 Nxf4 24. Qe4 1-0

[Event "Chigorin Memorial"]
[Site "St Petersburg RUS"]
[Date "2012.10.31"]
[Round "5.122"]
[White "Kuzmin, Arseniy"]
[Black "Khanin, Semen"]
[Result "0-1"]
[WhiteElo "1982"]
[BlackElo "2181"]
[WhiteFideId "24150827"]
[BlackFideId "4111990"]
[EventDate "2012.10.27"]

1. e4 c5 2. Nf3 e6 3. d4 cxd4 4. Nxd4 Nc6 5. Be3 Qc7 6. Nc3 a6 7. Be2 Nf6 8. O-O
Bb4 9. Nxc6 dxc6 10. f3 e5 11. Na4 b5 12. Nb6 Rb8 13. Nxc8 Rxc8 14. c4 O-O 15.
a3 Be7 16. c5 Nd7 17. b4 Rfd8 18. Qb3 Nf8 19. a4 Ne6 20. a5 Bg5 21. Bxg5 Nxg5
22. Rfd1 Ne6 23. Rxd8+ Rxd8 24. Qc3 Nd4 25. Bf1 Qe7 26. Rd1 Qf6 27. Rd3 h5 28.
g3 g5 29. Kf2 g4 30. Be2 Kg7 31. Ke1 gxf3 32. Bxf3 h4 33. Bg2 Rh8 34. Rd2 Kf8
35. Rf2 Qe6 36. Bf1 hxg3 37. Qxg3 Rg8 38. Qh4 Ke8 39. Qh7 Kf8 40. Qh4 Ke8 41.
Qh7 Qg6 42. Qxg6 Rxg6 43. Kd2 Ke7 44. Bh3 Rg1 45. Rf1 Rg8 46. Rf2 Rh8 47. Bf1
Ke6 48. Ke3 Rh4 49. Kd3 f6 50. h3 f5 51. exf5+ Nxf5 52. Kc3 Ne3 53. Be2 Rxh3 54.
Rf3 Nd5+ 55. Kb3 Rh4 0-1

[Event "Chigorin Memorial"]
[Site "St Petersburg RUS"]
[Date "2012.10.31"]
[Round "5.123"]
[White "Petrova, Irina"]
[Black "Puzko, Danila"]
[Result "1/2-1/2"]
[WhiteTitle "WFM"]
[WhiteElo "2167"]
[BlackElo "1957"]
[WhiteFideId "14124122"]
[BlackFideId "24153745"]
[EventDate "2012.10.27"]

1. d4 Nf6 2. c4 c5 3. d5 b5 4. cxb5 a6 5. bxa6 Bxa6 6. Nc3 d6 7. Nf3 g6 8. g3
Bg7 9. Bg2 O-O 10. O-O Nbd7 11. Rb1 Qa5 12. Bd2 Rfb8 13. Qc2 Qc7 14. b3 Ng4 15.
Rfe1 Nge5 16. Nxe5 Nxe5 17. h3 Qa7 18. Kh2 c4 19. Be3 Qc7 20. b4 Nd3 21. exd3
cxd3 22. Qc1 Qxc3 23. Bd2 Qf6 24. a4 Qxf2 25. Rf1 Qe2 26. Re1 Qf2 27. Rf1 Qe2
28. Re1 Qf2 29. Rf1 Qe2 30. Re1 1/2-1/2

[Event "Chigorin Memorial"]
[Site "St Petersburg RUS"]
[Date "2012.10.31"]
[Round "5.124"]
[White "Napalkov, Vladimir"]
[Black "Boytsov, Alexander"]
[Result "1-0"]
[WhiteElo "2150"]
[BlackElo "1945"]
[WhiteFideId "4149424"]
[BlackFideId "24177113"]
[EventDate "2012.10.27"]

1. d4 d5 2. c4 e6 3. cxd5 exd5 4. Nf3 Nf6 5. g3 b6 6. Bg2 Bb7 7. O-O Be7 8. b3
c5 9. Bb2 O-O 10. Nc3 Re8 11. Rc1 Nbd7 12. e3 Bf8 13. Rc2 Ne4 14. Qc1 Rc8 15.
Rd1 Nxc3 16. Rxc3 Nf6 17. Rc2 Ne4 18. Ne5 Qg5 19. Nf3 Qe7 20. Ba3 Qf6 21. Bb2
Qe7 22. Ne5 f6 23. Nd3 Ba6 24. Nf4 cxd4 25. Nxd5 Qf7 26. Rxd4 Nc5 27. Nf4 Kh8
28. Bd5 1-0